000 00341nam a2200145 i 4500
001 bg
245 0 _aWprowadzenie do pedagogiki dorosłych /
_cp. red. T. Wujka.
260 _aWarszawa,
_c1992.
650 9 _aPedagogika
700 1 _aWUJEK, T.
040 _cBPK
041 _apol
942 _cKS
008 s pl f |000 0 pol
999 _c5304
_d5304
856 _uhttp://koha.tu.koszalin.pl/cgi-bin/koha/opac-detail.pl?biblionumber=5304
_yKatalog online BPK